000 00975nam a2200277 a 4500
001
003 DO-SdBNP
005 20220118120715.0
008 110407s2010 dr abc 001 0 spa d
020 _a9789945074147
020 _a9789945074130 (v.1)
040 _aDO-SdBNP
_bspa
_cBPMSU
082 _a624.97293
_bA174p, 2010
_222
100 1 _aAcevedo, Octavio A.
245 1 0 _aProblemas y tópicos técnicos y científicos /
_cOctavio Acevedo ; editor Andrés Blanco Díaz.
260 _aSanto Domingo :
_bArchivo General de la Nación,
_c2010.
300 _a2 v. :
_bil., mapas., retrs. ;
_c23 cm.
490 0 _accc,
_v122-123
590 _aInventariado,2022/VM
650 4 _aIngeniería civil
_xHistoria
_zRepública Dominicana
651 4 _aRepública Dominicana
_xObras Públicas
_xEnsayos, conferencias, etc.
700 1 _aBlanco Díaz, Andrés
_eed.
710 2 _aArchivo General de la Nación (República Dominicana )
910 _aVMateo V.
942 _2ddc
_cBK
999 _c13957
_d13957